000
00251nam a22001217a 4500
008
180912b xxu||||| |||| 00| 0 eng d
041
_a
eng
080
_a
159.9
100
_a
49
101
_a
PSI
245
_a
Trauma
_c
Mc Laughlin
942
_2
udc
_c
BK
999
_c
47691
_d
47691